00530 2200169 4500245004700000020002200047250001100069100002100080650001600101005001900117260002600136041001400162084000800176300002300184500014400207336000900351 aSerpihan Masa LalucUtami Panca DewihText a978-602-73112-7-5 aCet. 1 aUtami Panca Dewi aNovel Fiksi a20231010112115 aJakartabNuansac2016 aIndonesia a813 a155 hlm. :c19 cm. aApa yang ada di saatini adalah hasil perjalanan panjang dari masa silam. Terkadang apa yang terlihat sempurna menyimpan duka yang mendalam. atext